Investigación de operaciones : (Registro nro. 10300)

Detalles MARC
000 -LIDER
fixed length control field 00902nam a22002891 4500
001 - NÚMERO DE CONTROL
Identificador de número de control 01441870
003 - IDENTIFICACDOR DE NÚMERO DE CONTROL
control field DO-SdBNP
005 - DATE AND TIME OF LATEST TRANSACTION
control field 20180131102550.0
007 - CAMPOS FIJOS DE DESCRIPCIÓN FÍSICA
fixed length control field 01441870
008 - ELEMENTOS DE LONGITUD FIJA
fixed length control field 981210s1981 mx spa
016 7# - NO. DE CONTROL DE LA AGENCIA BIB. NACIONAL
Record control number
Canceled/invalid record control number
Source BPMSU
020 ## - ISBN
International Standard Book Number 0024188204
035 ## - NÚMERO LOCAL
System control number
040 ## - FUENTE DE CATALOGACIÓN
Agencia que crea de manera original el registro BPMSU
Idioma de catalogación spa
Agencia que realiza la transcripción BPMSU
080 #0 - NÚMERO DE CLASIFICACIÓN DECIMAL UNIVERSAL
Universal Decimal Classification number
082 ## - NÚMERO DE CLASIFICACIÓN DECIMAL DE DEWEY
Edition number 658.54
Classification number T128i
100 1# - ASIENTO PRINCIPAL -- NOMBRE PERSONAL
Nombre personal Taha, Hamdy A.
245 10 - MENCIÓN DE TITULO
Título Investigación de operaciones :
Subtítulo una introducción /
Medio (Designación general de material)
Mención de responsabilidad Hamdy A. Taha ; traducción José de Jesús Acosta Flores.
260 ## - PUBLICACIÓN, DISTRIBUCIÓN, ETC. (PIE DE IMPRENTA)
Lugar de publicación, distribución, etc México :
Nombre del editor, distribuidor, etc. Representaciones y Servicios de Ingenieria
Fecha de publicación, distribución, etc 1989.
300 ## - DESCRIPCIÓN FÍSICA
Extensión 647 p. ;
Otros detalles físicos 24 cm.
Dimensiones
500 ## - NOTA GENERAL
Nota general Incluye índice.
650 #7 - ENCABEZAMIENTO DE MATERIA--TEMÁTICO
Término temático o nombre geográfico como elemento de entrada INVESTIGACIONES OPERACIONAL
Fuente del encabezamiento o término
700 1# - ASIENTO SECUNDARIO -- NOMBRE PERSONAL
Nombre personal Acosta Flóres, José de Jesús
Mención de responsabilidad tr.
942 ## - ADDED ENTRY ELEMENTS (KOHA)
Source of classification or shelving scheme Dewey Decimal Classification
Koha item type Libros
945 ## - INFORMACIÓN DE PROCESAMIENTO LOCAL
Información de procesamiento local Inventariado extraviado / 2018 VM
956 ## - LOCAL ELECTRONIC LOCATION AND ACCESS (OCLC)
Nombre de host VMATEO
Número de acceso 10
Información de compresión 20160507
Trayectoria BPMSU
Nombre Electrónico 0069
Existencias
Withdrawn status Lost status Source of classification or shelving scheme Damaged status Not for loan Home library Current library Date acquired Source of acquisition Total Checkouts Full call number Barcode Date last seen Price effective from Koha item type
    Dewey Decimal Classification     Biblioteca Pública Metropolitana Salomé Ureña Biblioteca Pública Metropolitana Salomé Ureña 06/08/2016 FUNDI   T128i BPMET16060089 06/08/2016 06/08/2016 Libros